000 01153nam a22003377a 4500
003 CHAP
005 20220817044249.0
008 090420s2006 mx a r 00010 spa d
010 _a96080
011 _a97052
020 _a9682003431
035 _a107712
040 _cCHAP
082 0 4 _a658.311
_bP91
100 1 _aPreciado Sánchez, Alma Cecilia.
_991343
245 1 0 _aModelo de evaluación por competencias laborales
_c/por Alma Cecilia Preciado Sánchez
260 _aMéxico, D.F. :
_bUniversidad Panamericana,
_c2006
300 _a182 p. :
_bilus., cuadros, tablas
490 0 _aInvestigación para la docencia
_v; 7
590 _aBATCH-UPD
_b10
_c20130110
_lUCH01
_h0646
590 _aBATCH-UPD
_b10
_c20130410
_lUCH01
_h0330
590 _aBATCH-UPD
_b10
_c20130914
_lUCH01
_h1020
590 _aCONVERSION
_b10
_c20130109
_lUCH01
_h1353
650 1 4 _aCompetencia laboral.
_926095
650 1 4 _aEvaluación.
_938913
650 1 4 _aTrabajo y trabajadores.
830 0 _aInvestigación para la docencia
_v; 7
_960253
901 _aBK
942 _cLIBRO
949 _a658.311 P91
_bBC
_cLIBRO
_d33724002089835
_eLIBRO
_gI.c/e
_h110434
_i107712
_si
_t$98.00
999 _c96080
_d96080